El Escribano (Registro nro. 163830)

Detalles MARC
000 -LEADER
campo de control de longitud fija 00627nam a22001575i 4500
001 - NÚMERO DE CONTROL
campo de control 163830
003 - IDENTIFICADOR DE NÚMERO DE CONTROL
campo de control ES-MaACL
005 - FECHA Y HORA DE LA ÚLTIMA TRANSACCIÓN
campo de control 20230906212823.0
008 - DATOS DE LONGITUD FIJA--INFORMACIÓN GENERAL
campo de control de longitud fija 000118s1852 sp |||| | spa d
040 ## - FUENTE DE CATALOGACIÓN
Centro catalogador/agencia de origen CCPB | B
Lengua de catalogación spa
Centro/agencia transcriptor CCPB | B
100 1# - ENTRADA PRINCIPAL--NOMBRE DE PERSONA
Nombre de persona Rodríguez Sobrino, Matías.
9 (RLIN) 98827
245 13 - MENCIÓN DEL TÍTULO
Título El Escribano
Resto del título : comedia original en tres actos /
Mención de responsabilidad, etc. por Matías Rodíguez Sobrino.
260 ## - PUBLICACIÓN, DISTRIBUCIÓN, ETC.
Lugar de publicación, distribución, etc. Madrid :
Nombre del editor, distribuidor, etc. [s.n.],
Fecha de publicación, distribución, etc. 1852 (
Fabricante José C. de la Peña)
300 ## - DESCRIPCIÓN FÍSICA
Extensión 71 p. ;
Dimensiones 18 cm.
852 ## - LOCALIZACIÓN
Ubicación ES-MaACL
Número de control de estantería F-8580(2)
Nota libre -- Enc. pasta española
-- -- Enc. en un vol. facticio, formando parte de la col.: "Teatro español moderno", vol. 33
Existencias
Estatus retirado Estado de pérdida Estado de daño No para préstamo Colección Biblioteca de origen Biblioteca actual Ubicación en estantería Fecha de adquisición Total de préstamos Signatura topográfica completa Código de barras Visto por última vez Precio de reemplazo Tipo de ítem Koha
        Libros del s. XIX Biblioteca del Ateneo de Madrid Biblioteca del Ateneo de Madrid Sala Pecera Planta 2 17/01/2008   F-8580(2) 1171694 23/02/2023 23/02/2023 Libro impreso antiguo